Elektrotroskové zváranie liatej 13 percentnej ČSN 22904.9 /
Salvato in:
| Autore principale: | |
|---|---|
| Natura: | Manoscritto Libro |
| Pubblicazione: |
Bratislava :
Výskumný ústav zváračský,
1972
|
| Tags: |
Nessun Tag, puoi essere il primo ad aggiungerne!!
|
MARC
| LEADER | 00000ntm a22000003a 4500 | ||
|---|---|---|---|
| 001 | stu47481 | ||
| 005 | 20150617225710.5 | ||
| 008 | ------s1972----cs----------------------d | ||
| 040 | |a STU |b slo | ||
| 041 | 0 | ||
| 044 | |a cs | ||
| 080 | |a 621.791.79 | ||
| 080 | |a 669.14 | ||
| 100 | 1 | |a Vehner, Ladislav |4 aut | |
| 245 | 1 | |a Elektrotroskové zváranie liatej 13 percentnej ČSN 22904.9 / |c [aut.] Vehner,Ladislav | |
| 260 | |a Bratislava : |b Výskumný ústav zváračský, |c 1972 | ||
| 300 | |a 91 s | ||
| 996 | |b J37957 |c J*37957/DIZ. |l JJSK |s A |a 24 |w stu47481_0001 | ||